Mức độ hiểu ngôn ngữ cử chỉ trong giao tiếp đa văn hóa của sinh viên khoa Ngoại ngữ trường Đại học Cần Thơ và người Mỹ ở Việt Nam : Báo cáo tổng kết đề tài nghiên cứu Khoa học của sinh viên
Nghiên cứu nhằm tìm hiểu mức độ hiểu ý nghĩa các cử chỉ phổ biến trong giao tiếp văn hóa Mỹ của sinh viên và mức độ hiểu ý nghĩa các cử chỉ phổ biến trong giao tiếp văn hóa Việt Nam của người Mỹ đã và đang sinh sống tại Việt Nam...
Tallennettuna:
| Päätekijä: | |
|---|---|
| Aineistotyyppi: | Kirja |
| Kieli: | Undetermined |
| Julkaistu: |
Cần Thơ
Trường Đại học Cần Thơ
2016
|
| Aiheet: | |
| Tagit: |
Lisää tagi
Ei tageja, Lisää ensimmäinen tagi!
|
| Thư viện lưu trữ: | Trung tâm Học liệu Trường Đại học Cần Thơ |
|---|
| LEADER | 01449nam a2200217Ia 4500 | ||
|---|---|---|---|
| 001 | CTU_223317 | ||
| 008 | 210402s9999 xx 000 0 und d | ||
| 082 | |a 428.34 | ||
| 082 | |b M103 | ||
| 088 | |a TSV2016-50 | ||
| 100 | |a Huỳnh, Nguyễn Ánh Mai | ||
| 245 | 0 | |a Mức độ hiểu ngôn ngữ cử chỉ trong giao tiếp đa văn hóa của sinh viên khoa Ngoại ngữ trường Đại học Cần Thơ và người Mỹ ở Việt Nam : | |
| 245 | 0 | |b Báo cáo tổng kết đề tài nghiên cứu Khoa học của sinh viên | |
| 245 | 0 | |c Huỳnh Nguyễn Ánh Mai (Chủ nhiệm đề tài) ; Lưu Bích Ngọc (Người hướng dẫn) ; Trần Thị Bảo Trăm, Huỳnh Nguyễn Thành Phước (Thành viên tham gia) | |
| 260 | |a Cần Thơ | ||
| 260 | |b Trường Đại học Cần Thơ | ||
| 260 | |c 2016 | ||
| 520 | |a Nghiên cứu nhằm tìm hiểu mức độ hiểu ý nghĩa các cử chỉ phổ biến trong giao tiếp văn hóa Mỹ của sinh viên và mức độ hiểu ý nghĩa các cử chỉ phổ biến trong giao tiếp văn hóa Việt Nam của người Mỹ đã và đang sinh sống tại Việt Nam | ||
| 650 | |a Tiếng Anh,English language | ||
| 650 | |x Nói tiếng Anh,Spoken english | ||
| 980 | |a Trung tâm Học liệu Trường Đại học Cần Thơ | ||